Forensic engineering : (Record no. 532376)

000 -LEADER
fixed length control field 01002cam a22003257a 4500
001 - CONTROL NUMBER
control field 12022640
003 - CONTROL NUMBER IDENTIFIER
control field NUST
005 - DATE AND TIME OF LATEST TRANSACTION
control field 20191119110320.0
008 - FIXED-LENGTH DATA ELEMENTS--GENERAL INFORMATION
fixed length control field 000526s1999 enka b 100 0 eng d
010 ## - LIBRARY OF CONGRESS CONTROL NUMBER
LC control number 00362648
020 ## - INTERNATIONAL STANDARD BOOK NUMBER
International Standard Book Number 0727730940
024 ## - OTHER STANDARD IDENTIFIER
Standard number or code 978-0727730947
035 ## - SYSTEM CONTROL NUMBER
System control number (DLC)12022640
038 ## - RECORD CONTENT LICENSOR
Staff Name MSOHAIL
040 ## - CATALOGING SOURCE
Original cataloging agency Uk
Transcribing agency Uk
Modifying agency DLC
-- PPT
-- DLC
042 ## - AUTHENTICATION CODE
Authentication code lccopycat
050 00 - LIBRARY OF CONGRESS CALL NUMBER
Classification number TA219
Item number .F677 1999
082 00 - DEWEY DECIMAL CLASSIFICATION NUMBER
Classification number 620
Edition number 21
100 ## - MAIN ENTRY--PERSONAL NAME
Personal name B.S. Neale.
9 (RLIN) 25826
245 00 - TITLE STATEMENT
Title Forensic engineering :
Remainder of title The Investigation of Failures
260 ## - PUBLICATION, DISTRIBUTION, ETC.
Place of publication, distribution, etc. London :
Name of publisher, distributor, etc. Thomas Telford,
Date of publication, distribution, etc. c2001.
300 ## - PHYSICAL DESCRIPTION
Extent 219 p. :
Other physical details ill. ;
Dimensions 24 cm.
504 ## - BIBLIOGRAPHY, ETC. NOTE
Bibliography, etc. note Includes bibliographical references.
650 #0 - SUBJECT ADDED ENTRY--TOPICAL TERM
Topical term or geographic name entry element Forensic engineering
Form subdivision Congresses.
9 (RLIN) 25827
700 1# - ADDED ENTRY--PERSONAL NAME
Personal name Neale, B. S.
Fuller form of name (Brian S.)
9 (RLIN) 25828
906 ## - LOCAL DATA ELEMENT F, LDF (RLIN)
a 7
b cbc
c copycat
d 3
e ncip
f 20
g y-gencatlg
942 ## - ADDED ENTRY ELEMENTS (KOHA)
Source of classification or shelving scheme
Koha item type Book
Holdings
Withdrawn status Lost status Source of classification or shelving scheme Damaged status Not for loan Permanent Location Current Location Date acquired Full call number Barcode Date last seen Price effective from Koha item type
  Write Off       School of Civil and Environmental Engineering (SCEE) School of Civil and Environmental Engineering (SCEE) 11/19/2019 620 NIT-12280 11/19/2019 11/19/2019 Book
© 2023 Central Library, National University of Sciences and Technology. All Rights Reserved.